| 000 | 005960000a22001810004500 | ||
|---|---|---|---|
| 003 | MACL | ||
| 005 | 20160407163929.0 | ||
| 008 | 160407b xxu||||| |||| 00| 0 eng d | ||
| 040 |
_aMACL _cMACL |
||
| 041 | _aHindi | ||
| 082 | _a630 | ||
| 100 |
_aअशोक कुमार श्रीवास्तव _951115 |
||
| 245 | _aगन्ना उत्पादन और उपयोग | ||
| 260 |
_bनेशनल बुक ट्रस्ट इंडिया _c2011 _aदिल्ली |
||
| 350 | _a115 | ||
| 650 |
_aAgriculture _951116 |
||
| 942 |
_cHIN _k630/SHR _2ddc |
||
| 999 |
_c45487 _d45487 |
||